Statistics for Percy Jackson Quiz

Click here to take the quiz!

General Stats

  • This quiz has been taken 1,935 times
    (1,933 since last reset)
  • The average score is 11 of 13

Answer Stats

Hint Answer % Correct
The main characterPercy Jackson
100%
Who is Percy's satyr friend?Grover Underwood
96%
The daughter of ZeusThalia Grace
94%
What is Percy's favorite color?Blue
93%
Who is Percy's cyclopes brother?Tyson
92%
Who is the son of Hades?Nico D'Angelo
89%
Who are the books by?Rick Riordan
86%
What is Percy Jackson's sword called?Riptide or Anaklusmos
82%
In the last book, who is the opposing Titan?Kronos
80%
What was the first monster Percy slayed?The Minotaur
78%
What is Posideon's signature item?His trident
75%
What is Hades's signature item?The Helm of Darkness.
58%
What is Zeus's signature item?The master bolt
39%

Score Distribution

Percentile by Number Answered

Percent of People with Each Score

Your Score History

You have not taken this quiz since the last reset